000 00517nam a2200169Ia 4500
001 59020
008 140520s9999 xx 000 0 und d
020 _aNA
040 _cPK-LaUMT
082 _a 297
_bTAR-D
100 _aTariq Bashir
245 _aDarsi seerat almaroof assahusseer (Urdu)
_bSarwar-e-Kainaat Hadi-e-Aalam Muhammad Mustafa Sallallaho Alaihe Wassallam ki seerat tayyaba
_cTariq Bashir
260 _aKarachi,Pakistan:
_bMaktabah Baitul Ilm,
_c1423 H
300 _a243 p.
546 _aUR
942 _cBK
999 _c56348
_d56348